Top 14, clubs de la saison 2022-2023. - Statistiques

Statistiques générales
  • Ce quiz a été pris 262 fois
    220 depuis la dernière actualisation
  • Le résultat moyen est 13 sur 14
Statistiques - réponses
Classement saison 2022 Clubs % Correct
11e Stade français Paris
99%
4e Stade toulousain
98%
5e Stade rochelais
96%
3e Union Bordeaux-Bègles
95%
6e Racing 92
95%
8e RC Toulon
94%
1er Montpellier HR
93%
1er (Pro D2) Aviron bayonnais
91%
10e Section paloise
91%
9e Lyon OU
91%
13e USA Perpignan
90%
2e Castres olympique
89%
7e ASM Clermont
89%
12e CA Brive
77%
Aucun quiz correspondant
Distribution des résultats
% des personnes avec chaque résultat
Percentile par nombre de réponses
Votre historique - résultats
Vous n’avez pas pris ce quiz depuis la dernière actualisation